Alphabetic Countries By Population - Statistics

General Stats
  • This quiz has been taken 29 times
  • The average score is 23 of 25
Answer Stats
Letters Countries % Correct
A Argentina
100%
B Brazil
100%
I India
100%
O Oman
100%
Q Qatar
100%
U United States Of America
100%
Y Yemen
100%
Z Zambia
100%
C China
96%
E Ethiopia
96%
F France
96%
G Germany
96%
R Russia
96%
T Turkey
96%
J Japan
92%
N Nigeria
92%
P Pakistan
92%
V Vietnam
92%
W (UK Constituent Country) Wales
88%
H Haiti
84%
K Kenya
84%
M Mexico
84%
D Democratic Republic Of The Congo
76%
L Laos
76%
S South Africa
68%
No matching quizzes found
Score Distribution
Percent of People with Each Score
Percentile by Number Answered
Your Score History
You have not taken this quiz